Money-output granger causality revisited <an> empirical analysis of EU countries
Na minha lista:
| Autor principal: | |
|---|---|
| Formato: | Livro |
| Idioma: | inglês |
| Publicado em: |
Bonn
Zentrum für Europäische Integrationsforschung
1998
|
| Colecção: | Working paper
B 8 |
| Assuntos: | |
| Tags: |
Sem tags, seja o primeiro a adicionar uma tag!
|
MARC
| LEADER | 00000nam a2200000 4500 | ||
|---|---|---|---|
| 001 | c131231 | ||
| 005 | 20221109094004.4 | ||
| 041 | 0 | |a eng | |
| 044 | |a DE | ||
| 245 | 1 | 0 | |a Money-output granger causality revisited |b <an> empirical analysis of EU countries |c Bernd Hayo |
| 264 | 1 | |a Bonn |b Zentrum für Europäische Integrationsforschung |c 1998 | |
| 300 | |a 23 s. | ||
| 490 | 1 | |a Working paper |v B 8 | |
| 830 | 0 | |a Working paper |v B 8 | |
| 610 | 2 | 0 | |a peniaze |
| 610 | 2 | 0 | |a politika peňažná |
| 610 | 2 | 0 | |a analýzy |
| 610 | 2 | 0 | |a integrácia ekonomická medzinárodná |
| 610 | 2 | 0 | |a Európska únia |
| 100 | 1 | |a Hayo, Bernd | |